| 000 | 00696nam a2200205 a 4500 | ||
|---|---|---|---|
| 005 | 20240704063746.0 | ||
| 008 | 991125s1995 bue 000 0 spa u | ||
| 020 | _a9507551271 | ||
| 035 | _aUPN01000017864 | ||
| 049 | _aF | ||
| 050 | 4 |
_aPN3157 _bP4.3 |
|
| 100 | 1 |
_aPérez Alvarez, Sergio _928611 |
|
| 245 | 1 | 0 |
_aEducación por el teatro : _bfundamentación y proyectos / _cSergio Pérez Alvarez. |
| 260 |
_aBuenos Aires : _bBraga, _c1995. |
||
| 300 |
_a35 p. : _bil. |
||
| 440 | 0 |
_aLineamientos. _pCuadernos de orientación educativa ; _v22 |
|
| 650 | 4 |
_aTeatro en la educación _95250 |
|
| 710 | 2 | _aInstituto Superior de Formación Docente, Apoyo y Perfeccionamiento Educativo | |
| 905 | _aLibro | ||
| 999 |
_c17864 _d17864 |
||